| 000 | 01027nam a2200169Ia 4500 | ||
|---|---|---|---|
| 005 | 20250723104355.0 | ||
| 008 | 250723s9999 xx 000 0 und d | ||
| 020 | _a9780141442204 | ||
| 082 |
_a947.07 _bBER |
||
| 100 | _aBerlin, Isaiah | ||
| 245 | 0 | _aRussian Thinkers | |
| 260 |
_bPenguin Classics _c2008 |
||
| 300 | _a452 pages | ||
| 500 | _aIsaiah Berlin witnessed the excesses of the Russian Revolution as a child, and in becoming one of the key liberal intellects of the last century some of his most important contributions were on the subject of Russia and the concept of freedom. In the ten essays gathered here, Berlin addresses the great Russian minds of the nineteenth century: Herzen, Bakunin, Turgenev, Belinsky and Tolstoy, as well as exploring the political and social revolutions they inspired and responded to. Berlin himself describes this extraordinary outpouring as ‘the largest single Russian contribution to social change in the world’. | ||
| 650 | _aBiography & Autobiography | ||
| 942 | _cENGLISH | ||
| 999 |
_c576990 _d576990 |
||